[Event "GER-ch U25 op"]
[Site "Willingen"]
[Date "2004.05.31"]
[Round "4"]
[White "Seiler, Dirk"]
[Black "Lipok, Christoph"]
[Result "1/2-1/2"]
[WhiteElo "1911"]
[BlackElo "1824"]
[PlyCount "82"]
[EventDate "2004.05.30"]
[EventType "swiss"]
[EventRounds "9"]
[EventCountry "GER"]
[SourceTitle "EXT 2005"]
[Source "ChessBase"]
[SourceDate "2004.11.15"]
[SourceVersion "1"]
[SourceVersionDate "2004.11.15"]
[SourceQuality "1"]

1. d4 e6 2. c4 Nf6 3. Nc3 Bb4 4. Bg5 h6 5. Bh4 c5 6. d5 d6 7. e3 Bxc3+ 8. bxc3 e5 9. f3 Nbd7 10. Bd3 Qe7 11. Qc2 0-0 12. Ne2 Re8 13. Ng3 Nb6 14. Ne4 g5 15. Bf2 Nxe4 16. fxe4 Nd7 17. Kd2 Nf8 18. Be2 Qf6 19. Raf1 Qg6 20. h4 g4 21. h5 Qg7 22. Bh4 Nh7 23. Qa4 Kf8 24. Rxf7+ Qxf7 25. Rf1 Qxf1 26. Bxf1 Ng5 27. Bxg5 hxg5 28. Be2 Ke7 29. Qd1 Rf8 30. Ke1 g3 31. Bg4 Rf2 32. Bxc8 Rxc8 33. Qg4 Rcf8 34. Qxg5+ R8f6 35. Qxg3 Rxa2 36. Qg7+ Rf7 37. Qg5+ Kd7 38. Qg4+ Kc7 39. h6 Ra1+ 40. Ke2 Ra2+ 41. Ke1 Ra1+ 1/2-1/2

[Event "GER-ch U25 op"]
[Site "Willingen"]
[Date "2004.05.30"]
[Round "3"]
[White "Jannes, Alexander"]
[Black "Seiler, Dirk"]
[Result "0-1"]
[WhiteElo "1567"]
[BlackElo "1911"]
[PlyCount "136"]
[EventDate "2004.05.30"]
[EventType "swiss"]
[EventRounds "9"]
[EventCountry "GER"]
[SourceTitle "EXT 2005"]
[Source "ChessBase"]
[SourceDate "2004.11.15"]
[SourceVersion "1"]
[SourceVersionDate "2004.11.15"]
[SourceQuality "1"]

1. d4 Nf6 2. c4 e6 3. Nc3 Bb4 4. Bd2 0-0 5. a3 Bxc3 6. Bxc3 b6 7. e3 Bb7 8. Nf3 Ne4 9. Bb4 d6 10. Bd3 f5 11. Qc2 Nd7 12. 0-0-0 a5 13. Bc3 Ndf6 14. Rhf1 Qd7 15. Ne1 Bc6 16. f3 Nxc3 17. Qxc3 b5 18. Qb3 bxc4 19. Qxc4 Bd5 20. Qb5 c6 21. Qa4 Rfb8 22. Bc4 Qb7 23. Nd3 Nd7 24. Bxd5 cxd5 25. Kd2 Nb6 26. Qc2 Rc8 27. Qb1 Nc4+ 28. Ke2 Rab8 29. Rc1 Rc6 30. b3 Qxb3 31. Qa1 Rcb6 32. Rc3 Qa4 33. Rfc1 Rb3 34. Nf4 Kf7 35. g4 Rxc3 36. Rxc3 Rb2+ 37. Kf1 Rd2 38. Rc1 fxg4 39. fxg4 Nxe3+ 40. Kg1 Rd1+ 41. Kf2 Rxc1 42. Qxc1 Qc2+ 43. Ne2 Qxc1 44. Nxc1 Nc2 45. Nb3 a4 46. Nc1 Nxa3 47. Ke3 Nb5 48. Kd3 e5 49. dxe5 dxe5 50. Na2 Ke6 51. h3 e4+ 52. Ke3 Ke5 53. Nb4 d4+ 54. Kd2 a3 55. Kc2 d3+ 56. Kd2 Kd4 57. Nc6+ Kc5 58. Na5 Kb4 59. Nc6+ Ka4 60. Ne5 a2 61. h4 a1Q 62. Nd7 Qc3+ 63. Ke3 Qd4+ 64. Kf4 e3+ 65. Kg5 Qxd7 66. h5 Qe7+ 67. Kf4 e2 68. g5 e1R 0-1

[Event "GER-ch U25 op"]
[Site "Willingen"]
[Date "2004.05.30"]
[Round "2"]
[White "Seiler, Dirk"]
[Black "Kuehner, Christian"]
[Result "0-1"]
[WhiteElo "1911"]
[BlackElo "2169"]
[PlyCount "98"]
[EventDate "2004.05.30"]
[EventType "swiss"]
[EventRounds "9"]
[EventCountry "GER"]
[SourceTitle "EXT 2005"]
[Source "ChessBase"]
[SourceDate "2004.11.15"]
[SourceVersion "1"]
[SourceVersionDate "2004.11.15"]
[SourceQuality "1"]

1. d4 Nf6 2. c4 e6 3. Nc3 Bb4 4. Bg5 h6 5. Bh4 c5 6. d5 d6 7. f3 e5 8. e4 Bxc3+ 9. bxc3 Nbd7 10. Bd3 Nf8 11. Ne2 Ng6 12. Bf2 Nh5 13. 0-0 Nhf4 14. Nxf4 Nxf4 15. Be3 0-0 16. Qd2 Nxd3 17. Qxd3 f5 18. exf5 Bxf5 19. Qd2 Qf6 20. f4 exf4 21. Bxf4 Rae8 22. Bg3 Qg6 23. Rae1 Re4 24. Rxe4 Bxe4 25. Rxf8+ Kxf8 26. Qf4+ Ke7 27. Qe3 Qf5 28. h3 Kd7 29. Bh4 g5 30. Bf2 Bd3 31. h4 Bxc4 32. hxg5 hxg5 33. a3 Bxd5 34. Qd2 Bc6 35. Be3 g4 36. Bf4 d5 37. Qe3 b6 38. Qg3 Kc8 39. Bb8 Qd7 40. Qe5 Kb7 41. Bd6 Qe8 42. Qg3 Qe4 43. Bb8 d4 44. Qc7+ Ka6 45. Qxa7+ Kb5 46. c4+ Kxc4 47. Qf7+ Kc3 48. Qa2 Qxg2+ 49. Qxg2 Bxg2 0-1

[Event "Leipzig VfB op 11th"]
[Site "Leipzig"]
[Date "2004.03.18"]
[Round "5"]
[White "Didt, Hartmut"]
[Black "Seiler, Dirk"]
[Result "1/2-1/2"]
[WhiteElo "1617"]
[BlackElo "1911"]
[PlyCount "27"]
[EventDate "2004.03.16"]
[EventType "swiss"]
[EventRounds "9"]
[EventCountry "GER"]
[SourceTitle "EXT 2007"]
[Source "ChessBase"]
[SourceDate "2006.11.23"]
[SourceVersion "1"]
[SourceVersionDate "2006.11.23"]
[SourceQuality "1"]

1. e4 e6 2. d4 d5 3. Nd2 c5 4. exd5 exd5 5. Bb5+ Nc6 6. Qe2+ Qe7 7. dxc5 Qxe2+ 8. Nxe2 Bxc5 9. Nb3 Bd6 10. Bf4 Bxf4 11. Nxf4 Nf6 12. 0-0-0 0-0 13. Nxd5 Nxd5 14. Rxd5 1/2-1/2

[Event "Leipzig VfB op 11th"]
[Site "Leipzig"]
[Date "2004.03.18"]
[Round "4"]
[White "Seiler, Dirk"]
[Black "Dorst, Johannes"]
[Result "0-1"]
[WhiteElo "1911"]
[BlackElo "2147"]
[PlyCount "52"]
[EventDate "2004.03.16"]
[EventType "swiss"]
[EventRounds "9"]
[EventCountry "GER"]
[SourceTitle "EXT 2007"]
[Source "ChessBase"]
[SourceDate "2006.11.23"]
[SourceVersion "1"]
[SourceVersionDate "2006.11.23"]
[SourceQuality "1"]

1. d4 Nf6 2. c4 c5 3. d5 b5 4. cxb5 a6 5. e3 axb5 6. Bxb5 Qa5+ 7. Nc3 Bb7 8. Nge2 Nxd5 9. 0-0 Nxc3 10. Nxc3 e6 11. Qd3 Be7 12. e4 0-0 13. e5 Qc7 14. Qg3 Nc6 15. Bf4 Nd4 16. Bd3 g6 17. Bh6 Rfd8 18. h4 Nf5 19. Bxf5 exf5 20. Rfe1 Qc6 21. Rad1 d5 22. h5 d4 23. Ne2 Bh4 24. Qh3 g5 25. Rc1 d3 26. Nd4 Rxd4 0-1